00471nam a2200157Ia 4500008004100000082000900041100001900050245005300069250000600122260003300128300000800161600001900169630005300188700001900241730005300260090124s9999 xx 000 0 und d b1355 aOSBORNE ARTHUR aRAMANA MAHARSHI AND THE PATH OF SELF- KNOWLEDGE  a1 bJAICO PUBLISHING HOUSEc1958 a218 aOSBORNE ARTHUR aRAMANA MAHARSHI AND THE PATH OF SELF- KNOWLEDGE  aOSBORNE ARTHUR aRAMANA MAHARSHI AND THE PATH OF SELF- KNOWLEDGE